000 00384nam a22001217a 4500
999 _c10165
_d10165
003 OSt
008 201218b ||||| |||| 00| 0 eng d
245 _aInternational Journal of Software Engineering
250 _a2012(Jan-Jun Vol.3 No.1, Jul-Dec Vol.3 No.2)
260 _aNew Delhi
_bInternational Research Publication House
650 _aComputer Science Engineering
942 _2ddc
_cBV